000 00461nam a2200169Ia 4500
003 GCL
005 20240530100322.0
008 140319s9999 xx 000 0 eng d
040 _aGCL /
_cGCL
082 0 4 _a320.5
_bA R
100 1 _aALLEGRE - LUCETTE
245 1 0 _aLA RESISTANCE, UNE HISTOIRE SOCIALE /
_cALLEGRE - LUCETTE
260 _a[S.N] :
_bLES EDITIONS DE L'ATELIUR ،
_c1997
300 _a250 P
650 0 4 _aRESISTANCE - HISTORY
942 _2ddc
_cBK
999 _c16450
_d16450